000 00827cam a2200217 4500
001 ABS61714
008 000000n1999 000 0 eng u
035 _a(Sirsi) u103183
100 _aVivian, J.
245 4 _aThe art of lease variation
260 _c1999
490 _aProperty Week
_v 64(46) 26 November 1999, 46-47(2)
520 _aProvides an overview of the Contracts (Rights of Third Parties) Bill which is due to be enforced at the end of 1999. It concentrates on the implications of lease variation. This article considers the bill from the point of view of the landlord and the tenant.
590 _aABS
650 _aCONTRACTS (RIGHTS OF THIRD PARTIES) BILL
650 _aLEASE VARIATIONS
650 _aSURRENDER OF LEASES
690 _aLANDLORD AND TENANT-LEASES
700 _aWhite, G.
942 _n0
999 _c62015
_d62015